header

Military strategies for sustainment of nutrition and immune function in the field (Record no. 157912)

MARC details
000 -LEADER
fixed length control field 01275nam a22003134a 4500
082 04 - DEWEY DECIMAL CLASSIFICATION NUMBER
Classification number 612.3/088/355
245 00 - TITLE STATEMENT
Title Military strategies for sustainment of nutrition and immune function in the field
260 ## - PUBLICATION, DISTRIBUTION, ETC. (IMPRINT)
Place of publication Washington, DC :
Name of publisher National Academy Press,
Year of publication c1999.
300 ## - PHYSICAL DESCRIPTION
Number of Pages xiii, 708 p. :
Other physical details ill.
650 #0 - SUBJECT ADDED ENTRY--TOPICAL TERM
Topical Term Nutrition.
Topical Term Immune system.
Topical Term Soldiers
856 40 - ELECTRONIC LOCATION AND ACCESS
Uniform Resource Identifier http://site.ebrary.com/lib/rucke/Doc?id=10063001

No items available.

© 2026 Rongo University
Contact us: librarian | system librarian | Rongo university